Elenca la formazione - Quiz n°291 - Statistics

Statistiche generali
  • Questo quiz è stato fatto 60 volte
  • Il punteggio medio è 8 su 11
Statistiche sulle risposte
Ruolo Club dell'epoca Calciatore % Corretto
Portiere Bayern Monaco Manuel Neuer
100%
Attaccante Lazio Miroslav Klose
96%
Difensore Bayern Monaco Philipp Lahm
84%
Difensore Borussia Dortmund Mats Hummels
82%
Attaccante Bayern Monaco Thomas Müller
81%
Difensore Bayern Monaco Jérôme Boateng
70%
Centrocampista Bayern Monaco Bastian Schweinsteiger
67%
Attaccante Arsenal Mesut Özil
60%
Centrocampista Bayern Monaco Toni Kroos
56%
Difensore Schalke 04 Benedikt Höwedes
37%
Centrocampista Borussia Mönchengladbach Christoph Kramer
21%
Nessun quiz corrispondente trovato
Distribuzione punteggi
Percentuale di utenti per punteggio
Percentile per numero di risposta
I tuoi punteggi nel tempo
Non hai fatto questo quiz